[Event "IV Open B"]
[Site "Biella ITA"]
[Date "2013.09.29"]
[Round "4"]
[White "Drago, Paolo"]
[Black "Barbero, Marco"]
[WhiteElo "1858"]
[BlackElo "1969"]
[Result "1-0"]
[PlyCount "60"]
[EventDate "2013.09.27"]

1. d4 d5 2. Nf3 Nf6 3. c4 e6 4. Nc3 c6 5. Bg5 h6 6. Bh4 g5 7. Bg3 dxc4 8. a4
Bb4 9. Bxb8 Rxb8 10. Ne5 Ne4 11. Rc1 c5 12. e3 cxd4 13. exd4 Qf6 14. Qc2 Qf5
15. Bxc4 Nxc3 16. bxc3 Qxc2 17. Rxc2 Ba5 18. O-O a6 19. Rb1 Bd7 20. Bxa6 Bxa4
21. Ra2 Bc7 22. Rxa4 bxa6 23. Rxb8+ Bxb8 24. Nd3 O-O 25. Rxa6 Rd8 26. g3 Rc8
27. Nc5 e5 28. Ra8 Rd8 29. Na6 exd4 30. cxd4 Bc7 1-0

[Event "IV Open B"]
[Site "Biella ITA"]
[Date "2013.09.29"]
[Round "4"]
[White "Gastaldello, Lorenzo"]
[Black "Carfagna, Alex"]
[WhiteElo "1963"]
[BlackElo "1855"]
[Result "1-0"]
[PlyCount "101"]
[EventDate "2013.09.27"]

1. Nf3 Nf6 2. g3 d5 3. Bg2 e6 4. O-O Be7 5. d4 O-O 6. c4 c6 7. b3 Nbd7 8. Bb2
b6 9. Nc3 Bb7 10. Qd3 Rc8 11. Rfd1 Qc7 12. Rac1 Qb8 13. Rc2 Rfd8 14. a3 c5 15.
e3 Nf8 16. Qe2 Ba6 17. Nb5 Bxb5 18. cxb5 Ng6 19. Rdc1 Ne4 20. Ne1 Nf6 21. Nd3
cxd4 22. exd4 Bf8 23. h4 Nd7 24. Bh3 Rxc2 25. Qxc2 Bd6 26. Qe2 Ndf8 27. h5 Ne7
28. h6 Rc8 29. hxg7 Rxc1+ 30. Bxc1 Kxg7 31. Qd2 Ng8 32. Qg5+ Ng6 33. Nf4 Qc8
34. Nh5+ Kh8 35. Be3 Be7 36. Qg4 Nf6 37. Qf3 Qd8 38. g4 Nh4 39. Qg3 Nxh5 40.
gxh5 Qg8 41. Kh2 Bd6 42. Bf4 Qxg3+ 43. Kxg3 Nf5+ 44. Bxf5 Bxf4+ 45. Kxf4 exf5
46. h6 Kg8 47. Kxf5 Kf8 48. Kf6 Ke8 49. b4 Kf8 50. f4 Ke8 51. Kg7 1-0

[Event "IV Open B"]
[Site "Biella ITA"]
[Date "2013.09.29"]
[Round "4"]
[White "Guerini, Silvia jr"]
[Black "Caldi, Mario"]
[WhiteElo "1777"]
[BlackElo "1863"]
[Result "1-0"]
[PlyCount "77"]
[EventDate "2013.09.27"]

1. e4 e6 2. Nf3 d5 3. e5 c5 4. b4 cxb4 5. a3 Nc6 6. axb4 Bxb4 7. c3 Be7 8. d4
Qc7 9. Bd3 f6 10. Nh4 g6 11. exf6 Nxf6 12. Bh6 e5 13. h3 e4 14. Bb5 Bd7 15. Bg5
O-O 16. O-O Nh5 17. Qb3 Be6 18. Nxg6 hxg6 19. Bh6 Rf7 20. Nd2 Kh7 21. Be3 Qd6
22. Be2 Nf4 23. Bxf4 Rxf4 24. Qb2 Rh4 25. f4 Rxf4 26. Rxf4 Qxf4 27. Qxb7 Rc8
28. Ra6 Rc7 29. Qa8 Rc8 30. Qb7 Qc7 31. Qb5 Bxh3 32. Qxd5 Bf5 33. Nxe4 Bxe4 34.
Qxe4 Qg3 35. Bg4 Bd6 36. Bxc8 Qh2+ 37. Kf1 Ne7 38. Rxa7 Bg3 39. Qxe7+ 1-0

[Event "IV Open B"]
[Site "Biella ITA"]
[Date "2013.09.29"]
[Round "4"]
[White "Raselli, Claudio"]
[Black "Pitzanti, Matteo"]
[WhiteElo "1941"]
[BlackElo "1777"]
[Result "1/2-1/2"]
[PlyCount "100"]
[EventDate "2013.09.27"]

1. c4 e5 2. Nc3 d6 3. d4 exd4 4. Qxd4 Nc6 5. Qd2 Nf6 6. e4 Be7 7. g3 O-O 8. Bg2
a6 9. Nge2 Ne5 10. b3 Bg4 11. Qe3 Bxe2 12. Qxe2 c5 13. O-O Nc6 14. Bb2 Nd4 15.
Qd2 Re8 16. Nd5 Nxd5 17. cxd5 Bf6 18. Rac1 Nb5 19. f4 b6 20. Rfe1 Ra7 21. e5
dxe5 22. Bxe5 Bxe5 23. fxe5 Rae7 24. Qf4 f6 25. e6 Nd6 26. Bf1 a5 27. Red1 Qc7
28. a4 Rd8 29. Bb5 Nxb5 30. axb5 Qd6 31. Qxd6 Rxd6 32. Kf2 g6 33. g4 Kg7 34.
Ke3 Ra7 35. Ra1 Kf8 36. Kf4 Ke7 37. h4 Ra8 38. Ke4 Rf8 39. Rf1 Rfd8 40. Rfd1
Ra8 41. g5 f5+ 42. Ke5 Rc8 43. Ra4 Rcd8 44. h5 Rxe6+ 45. dxe6 Rxd1 46. hxg6
hxg6 47. Rh4 Re1+ 48. Kd5 Rd1+ 49. Ke5 Re1+ 50. Kd5 Rd1+ 1/2-1/2

[Event "IV Open B"]
[Site "Biella ITA"]
[Date "2013.09.29"]
[Round "5"]
[White "Bisi, Riccardo"]
[Black "Guerini, Silvia jr"]
[WhiteElo "1757"]
[BlackElo "1777"]
[Result "1/2-1/2"]
[PlyCount "41"]
[EventDate "2013.09.27"]

1. e4 c6 2. d4 d5 3. exd5 cxd5 4. Bf4 Nc6 5. c3 g6 6. Nd2 Bg7 7. Be2 Nh6 8.
Ngf3 O-O 9. O-O f6 10. Re1 Nf7 11. Bb5 a6 12. Bxc6 bxc6 13. h3 Re8 14. Bg3 e5
15. Nb3 Rb8 16. Nfd2 Nd6 17. Nc5 e4 18. b3 f5 19. Nf1 Rf8 20. Qd2 Ra8 21. Bxd6
1/2-1/2

[Event "IV Open B"]
[Site "Biella ITA"]
[Date "2013.09.29"]
[Round "5"]
[White "Gastaldello, Lorenzo"]
[Black "Drago, Paolo"]
[WhiteElo "1963"]
[BlackElo "1858"]
[Result "1/2-1/2"]
[PlyCount "79"]
[EventDate "2013.09.27"]

1. c4 e6 2. g3 Nf6 3. Nc3 d5 4. d4 c6 5. Bg2 Bd6 6. b3 O-O 7. Nf3 Nbd7 8. O-O
Re8 9. Bb2 Bc7 10. Re1 Nb6 11. Qd3 Nbd7 12. Nd2 dxc4 13. bxc4 e5 14. d5 Nc5 15.
Qc2 cxd5 16. cxd5 e4 17. Ncxe4 Ncxe4 18. Nxe4 Nxd5 19. Rad1 Be6 20. Nc5 Bb6 21.
Nxe6 fxe6 22. e4 Nb4 23. Qc3 Qe7 24. Bh3 Nc6 25. Bxe6+ Kh8 26. Rd7 Bd4 27. Rxe7
Bxc3 28. Rxe8+ Rxe8 29. Bxc3 Rxe6 30. f4 Kg8 31. Kf2 Kf7 32. Ke3 Ne7 33. Rd1
Rb6 34. Rd2 Rc6 35. Bb4 Ke8 36. Rd6 b6 37. Bc3 Kf7 38. Kd3 b5 39. a3 a6 40. e5
1/2-1/2

[Event "IV Open B"]
[Site "Biella ITA"]
[Date "2013.09.29"]
[Round "5"]
[White "Scagliotti, Guglielmo"]
[Black "Raselli, Claudio"]
[WhiteElo "1840"]
[BlackElo "1941"]
[Result "1-0"]
[PlyCount "143"]
[EventDate "2013.09.27"]

1. e4 c5 2. c3 d5 3. exd5 Qxd5 4. d4 Nf6 5. Nf3 Bg4 6. Be2 cxd4 7. cxd4 e6 8.
Nc3 Qd7 9. h3 Bxf3 10. Bxf3 Nc6 11. Be3 Be7 12. d5 Nxd5 13. Nxd5 exd5 14. Qxd5
Qxd5 15. Bxd5 Bf6 16. Bxc6+ bxc6 17. O-O-O O-O 18. Rd7 Rfd8 19. Rhd1 Rxd7 20.
Rxd7 c5 21. Rc7 Bd4 22. Bxd4 cxd4 23. Rd7 Kf8 24. Rxd4 Ke7 25. Kd2 Rb8 26. b3
Rb7 27. Kc3 Ke6 28. a3 Ke7 29. b4 Ke6 30. a4 Ke5 31. Rc4 Kd6 32. b5 Rb6 33. Kb4
Kd7 34. f3 Rd6 35. Kc5 Re6 36. Re4 Rf6 37. Rg4 Rf5+ 38. Kc4 g6 39. Rd4+ Kc7 40.
a5 Rf6 41. Kc5 Rf5+ 42. Rd5 Rf6 43. Re5 Kd7 44. Rd5+ Kc7 45. Rd4 Rf5+ 46. Kc4
Rf6 47. Re4 Kd7 48. Rh4 h5 49. Re4 Rf5 50. Rd4+ Kc7 51. Rd5 Rf4+ 52. Kc5 Rf6
53. h4 Re6 54. g4 hxg4 55. fxg4 Rf6 56. h5 gxh5 57. gxh5 Rh6 58. Rf5 f6 59. b6+
axb6+ 60. axb6+ Kb7 61. Kd6 Kxb6 62. Ke6 Kc6 63. Kf7 Rh7+ 64. Kxf6 Kd7 65. Kg6
Rh8 66. Kg7 Ra8 67. h6 Ke6 68. Rf7 Ra2 69. h7 Rg2+ 70. Kf8 Rh2 71. Kg8 Ra2 72.
h8=Q 1-0

[Event "II Weekend"]
[Site "Lesa ITA"]
[Date "2013.09.20"]
[Round "1"]
[White "Agnello, Francesco Claudio"]
[Black "Raineri, Valerio"]
[WhiteElo "1735"]
[BlackElo "2125"]
[Result "0-1"]
[PlyCount "34"]
[EventDate "2013.09.20"]

1. Nf3 Nf6 2. d4 g6 3. c4 Bg7 4. e3 d6 5. Nbd2 O-O 6. Bd3 Nbd7 7. O-O e5 8. b3
Qe7 9. Qc2 Re8 10. dxe5 dxe5 11. Be2 e4 12. Nd4 a6 13. Bd1 c5 14. Ne2 Ne5 15.
Nxe4 Nxe4 16. Qxe4 Bf5 17. Qf4 Nd3 0-1

[Event "II Weekend"]
[Site "Lesa ITA"]
[Date "2013.09.20"]
[Round "1"]
[White "Angelini, Marco"]
[Black "Zannoni, Gianni"]
[WhiteElo "2267"]
[BlackElo "1768"]
[Result "1-0"]
[PlyCount "89"]
[EventDate "2013.09.20"]

1. e4 d6 2. d4 Nf6 3. Nc3 c6 4. f4 Qa5 5. Bd3 e5 6. Nf3 Bg4 7. Be3 Be7 8. O-O
Nbd7 9. Qd2 Qc7 10. h3 Bxf3 11. Rxf3 exd4 12. Bxd4 O-O-O 13. a4 Nc5 14. Qf2
Nxd3 15. cxd3 c5 16. Nb5 Qb6 17. Bc3 Rhg8 18. Kh1 g5 19. fxg5 Nd7 20. Rxf7 Bxg5
21. Qf5 a6 22. Na3 Qc6 23. Nc4 Kb8 24. Qd5 Qxd5 25. exd5 h6 26. Ba5 b6 27. Bxb6
Nxb6 28. Nxb6 Rge8 29. Raf1 Re3 30. Rh7 Rde8 31. Rff7 R8e7 32. Rxe7 Bxe7 33.
Rxh6 Rxd3 34. Kg1 Rd2 35. Re6 Bh4 36. Kh2 Rxb2 37. Rxd6 Rb3 38. Rg6 Kc7 39. a5
Rd3 40. Rg4 Be1 41. h4 Bxa5 42. Nc4 Be1 43. d6+ Kd8 44. Rg8+ Kd7 45. Ne5+ 1-0

[Event "II Weekend"]
[Site "Lesa ITA"]
[Date "2013.09.20"]
[Round "1"]
[White "Bargeri, Ludovico"]
[Black "Lachat, Martin"]
[WhiteElo "2066"]
[BlackElo "1661"]
[Result "1-0"]
[PlyCount "115"]
[EventDate "2013.09.20"]

1. d4 f5 2. Bg5 g6 3. Nc3 Bg7 4. h4 Nf6 5. e3 O-O 6. Bc4+ Kh8 7. Nge2 c6 8. Nf4
d5 9. Bd3 Qe8 10. h5 Nxh5 11. Nxh5 gxh5 12. Qxh5 Qxh5 13. Rxh5 Bf6 14. Bxf6+
Rxf6 15. g4 e6 16. g5 Rg6 17. O-O-O Nd7 18. Rdh1 Nf8 19. Ne2 Bd7 20. f4 Re8 21.
Ng1 Re7 22. Nf3 Be8 23. Kd2 Rgg7 24. Rh6 Rg6 25. R6h2 Rgg7 26. c3 b5 27. Ra1 a5
28. a3 Rb7 29. Rhh1 Ng6 30. Ke2 Kg8 31. Kf2 Nf8 32. Be2 Ng6 33. Rhb1 Rgc7 34.
c4 Kh8 35. cxb5 cxb5 36. Rc1 Kg8 37. Nd2 Ne7 38. Rab1 Kh8 39. b4 a4 40. Rc5
Rxc5 41. bxc5 Bc6 42. Rb4 Kg8 43. Nb1 Nc8 44. Nc3 Na7 45. Rb1 Be8 46. Nxa4 b4
47. Nb6 bxa3 48. Ra1 Rb8 49. Rxa3 Nc8 50. Nxc8 Rxc8 51. Ra7 Rb8 52. Ra6 Bf7 53.
Rb6 Rc8 54. Ba6 Rc7 55. Rb8+ Kg7 56. Rb7 Rc6 57. Bb5 Rc8 58. Bd7 1-0

[Event "II Weekend"]
[Site "Lesa ITA"]
[Date "2013.09.20"]
[Round "1"]
[White "Borin, Fabio"]
[Black "Alberio, Nicolo'"]
[WhiteElo "2103"]
[BlackElo "1668"]
[Result "1-0"]
[PlyCount "71"]
[EventDate "2013.09.20"]

1. d4 d5 2. Bf4 Nf6 3. e3 g6 4. c4 e6 5. Nc3 Bg7 6. Nf3 O-O 7. h3 Nbd7 8. a4
dxc4 9. Bxc4 Nb6 10. Bd3 Nbd5 11. Bg3 Nxc3 12. bxc3 a5 13. Qb3 c6 14. O-O Re8
15. Rab1 h6 16. Ne5 Nd5 17. Nc4 Bf8 18. e4 b5 19. Ne5 Ne7 20. axb5 a4 21. Qc2
f6 22. Nxc6 Nxc6 23. bxc6 Bd6 24. Bxd6 Qxd6 25. e5 fxe5 26. Bxg6 Re7 27. dxe5
Qxe5 28. Rfe1 Qg7 29. Re3 Kh8 30. Rg3 Qe5 31. Rd1 Ba6 32. Qxa4 Rea7 33. Qh4 Qg7
34. Rd7 Rxd7 35. cxd7 Qf8 36. Qd4+ 1-0

[Event "II Weekend"]
[Site "Lesa ITA"]
[Date "2013.09.20"]
[Round "1"]
[White "Brioschi, Camillo"]
[Black "Boschetti, Claudio"]
[WhiteElo "1753"]
[BlackElo "2152"]
[Result "0-1"]
[PlyCount "102"]
[EventDate "2013.09.20"]

1. d4 c5 2. d5 e5 3. e4 d6 4. Bb5+ Bd7 5. Bxd7+ Nxd7 6. c4 Be7 7. Nf3 a6 8. a4
Ngf6 9. Qd3 b6 10. Nc3 O-O 11. O-O Nh5 12. g3 g6 13. Qe3 Bf6 14. Ng5 Bg7 15.
Qe2 h6 16. Nh3 Nhf6 17. Be3 Re8 18. g4 g5 19. f3 Nf8 20. Bf2 Ng6 21. Bg3 Qd7
22. Kg2 Nf4+ 23. Nxf4 exf4 24. Bf2 h5 25. h3 Rab8 26. Rfe1 hxg4 27. hxg4 Nh7
28. Qd3 Be5 29. Rh1 Nf6 30. Qe2 Kg7 31. Rh3 Rh8 32. Rah1 Rxh3 33. Rxh3 Re8 34.
Be1 Bd4 35. Bd2 Qc8 36. Qd1 Re5 37. Qh1 Re8 38. Bxf4 gxf4 39. g5 Rg8 40. Kf1
Ne8 41. e5 Qf5 42. Ne4 Bxe5 43. Rh5 Kf8 44. Qh4 Rg6 45. Rh6 Bxb2 46. Rh7 Bg7
47. Ke1 Qe5 48. Ke2 f5 49. Qh5 Kf7 50. Qh3 fxe4 51. Qd7+ Kg8 0-1

[Event "II Weekend"]
[Site "Lesa ITA"]
[Date "2013.09.20"]
[Round "1"]
[White "Cantoro, Daniele"]
[Black "Maffeo, Mauro"]
[WhiteElo "2124"]
[BlackElo "1727"]
[Result "1-0"]
[PlyCount "47"]
[EventDate "2013.09.20"]

1. e4 e6 2. Qe2 Be7 3. b3 d6 4. Bb2 e5 5. f4 Nd7 6. Nf3 Bf6 7. d4 Qe7 8. Nbd2
b5 9. fxe5 dxe5 10. dxe5 Bg5 11. Nxg5 Qxg5 12. Nf3 Qh6 13. Qd2 Qxd2+ 14. Nxd2
a6 15. a4 bxa4 16. e6 Ndf6 17. exf7+ Kxf7 18. Bc4+ Be6 19. e5 Nd5 20. O-O+ Ke8
21. Rxa4 Nge7 22. Bxa6 c6 23. Ne4 Bc8 24. Nd6+ 1-0

[Event "II Weekend"]
[Site "Lesa ITA"]
[Date "2013.09.20"]
[Round "1"]
[White "Cova, Ennio"]
[Black "Gori, Andrea"]
[WhiteElo "1664"]
[BlackElo "2076"]
[Result "0-1"]
[PlyCount "90"]
[EventDate "2013.09.20"]

1. e4 e5 2. Nf3 Nc6 3. d4 exd4 4. Bc4 Bb4+ 5. c3 dxc3 6. O-O cxb2 7. Bxb2 Kf8
8. Qb3 Qe7 9. a3 Na5 10. Qc2 Nxc4 11. Qxc4 Ba5 12. Nc3 Nf6 13. e5 Bxc3 14. Bxc3
Ne8 15. Bb4 d6 16. exd6 cxd6 17. Rfe1 Be6 18. Qf4 a5 19. Bd2 Qd7 20. Ng5 Kg8
21. Rac1 h6 22. Ne4 Kh7 23. Bc3 Ra6 24. Red1 Qe7 25. Qg3 Rf8 26. Bd4 f5 27. Nd2
Nf6 28. Re1 Qd7 29. h3 Bd5 30. f3 Rc6 31. Qf2 Rf7 32. Bb6 Rxc1 33. Rxc1 Qa4 34.
Qe3 Nd7 35. Bc7 Rf6 36. Bd8 Rg6 37. Qd3 Bc6 38. Kh1 Ne5 39. Qc3 Qf4 40. Bxa5
Rg3 41. Rg1 Qh4 42. Nf1 Nxf3 43. Nxg3 Qxg3 44. Qxg7+ Kxg7 45. gxf3 Bxf3+ 0-1

[Event "II Weekend"]
[Site "Lesa ITA"]
[Date "2013.09.20"]
[Round "1"]
[White "Fabbri, Marcello"]
[Black "Naumkin, Igor"]
[WhiteElo "1772"]
[BlackElo "2461"]
[Result "0-1"]
[PlyCount "60"]
[EventDate "2013.09.20"]

1. Nf3 Nf6 2. d4 e6 3. Bg5 c5 4. e3 Nc6 5. Nbd2 Be7 6. c3 b6 7. Qc2 Bb7 8. Bd3
Rc8 9. a3 h6 10. Bh4 O-O 11. Nc4 d6 12. Qe2 b5 13. Ncd2 a6 14. O-O cxd4 15.
Nxd4 Ne5 16. Bc2 Re8 17. f4 Ned7 18. e4 Qc7 19. N2f3 Bf8 20. Bxf6 Nxf6 21. e5
Nd5 22. Qd3 g6 23. Nh4 Bg7 24. exd6 Qxd6 25. f5 exf5 26. Ndxf5 gxf5 27. Qxf5
Nf6 28. Rf2 Qc5 29. Qd3 Be4 30. Qd2 Bxc2 0-1

[Event "II Weekend"]
[Site "Lesa ITA"]
[Date "2013.09.20"]
[Round "1"]
[White "Folli, Aldo"]
[Black "Montilli, Vincenzo"]
[WhiteElo "1643"]
[BlackElo "2023"]
[Result "0-1"]
[PlyCount "88"]
[EventDate "2013.09.20"]

1. e4 c5 2. Nc3 e6 3. f4 Nc6 4. Nf3 d5 5. Bb5 Nge7 6. O-O a6 7. Bxc6+ Nxc6 8.
d3 Be7 9. Ne2 O-O 10. e5 b5 11. c3 d4 12. cxd4 cxd4 13. Bd2 Qd5 14. Qb3 Qd7 15.
Rac1 Bb7 16. a3 Rfd8 17. f5 exf5 18. Nf4 Na7 19. e6 fxe6 20. Qxe6+ Qxe6 21.
Nxe6 Rd6 22. Nexd4 Bxf3 23. Nxf5 Rd7 24. Nxe7+ Rxe7 25. Rxf3 Rd7 26. Bb4 h6 27.
Rd1 Nc6 28. Bc3 a5 29. Rf4 Rad8 30. b4 axb4 31. Bxb4 Rxd3 32. Rxd3 Rxd3 33.
Rf8+ Kh7 34. Rf5 Nd4 35. Rc5 g5 36. Kf2 Rb3 37. g4 Rb2+ 38. Ke3 Nc2+ 39. Ke4
Nxb4 40. axb4 Rxb4+ 41. Kf5 Rf4+ 42. Ke5 Rxg4 43. Rc7+ Kg6 44. Rb7 b4 0-1

[Event "II Weekend"]
[Site "Lesa ITA"]
[Date "2013.09.20"]
[Round "1"]
[White "Giovarruscio, Gabriele"]
[Black "Cacciola, Alfredo"]
[WhiteElo "1691"]
[BlackElo "2109"]
[Result "0-1"]
[PlyCount "92"]
[EventDate "2013.09.20"]

1. c4 Nf6 2. g3 g6 3. Bg2 Bg7 4. Nc3 O-O 5. e4 d6 6. Nge2 e5 7. O-O Nc6 8. d3
Be6 9. Nd5 Nd7 10. Be3 Nd4 11. Qd2 c6 12. Ndc3 a5 13. Rab1 Nc5 14. Kh1 a4 15.
Bh6 Bxh6 16. Qxh6 Nxe2 17. Nxe2 Nxd3 18. f4 f6 19. f5 gxf5 20. Bh3 Qd7 21. exf5
Bxc4 22. Nc3 Qg7 23. Qh4 d5 24. b3 axb3 25. axb3 Ba6 26. b4 Bc4 27. Kg1 Qg5 28.
Qxg5+ fxg5 29. f6 Kf7 30. Rf5 h6 31. b5 c5 32. Bg2 Kg6 33. Rff1 Nb4 34. Rfe1
Kxf6 35. Rxb4 cxb4 36. Nxd5+ Bxd5 37. Bxd5 Ra5 38. Bxb7 Rxb5 39. Bc6 Rb6 40.
Be4 b3 41. Kf2 b2 42. Ke3 Rc8 43. Rb1 Rc1 44. Ke2 Rxb1 45. Bxb1 Rc6 46. Kd2 Rc1
0-1

[Event "II Weekend"]
[Site "Lesa ITA"]
[Date "2013.09.20"]
[Round "1"]
[White "Paleologu, Vladimir"]
[Black "Faraci, Libero"]
[WhiteElo "2151"]
[BlackElo "1743"]
[Result "1-0"]
[PlyCount "61"]
[EventDate "2013.09.20"]

1. e4 d6 2. d4 Nf6 3. Nc3 c6 4. a4 Qa5 5. Bd3 g6 6. Nge2 Bg7 7. O-O O-O 8. Bd2
Qc7 9. Qc1 a5 10. Bh6 Na6 11. Bxg7 Kxg7 12. Ng3 Nb4 13. Rd1 b6 14. Bf1 d5 15.
e5 Ne4 16. Ncxe4 dxe4 17. c3 Nd3 18. Bxd3 exd3 19. Rxd3 Ba6 20. c4 Rac8 21. Ne4
Qd7 22. Rh3 h5 23. Qc3 Qg4 24. Re1 Rfd8 25. Rg3 Qe6 26. b3 Qd7 27. d5 e6 28.
Nf6 Qa7 29. d6 b5 30. c5 Rh8 31. Qxa5 1-0

[Event "II Weekend"]
[Site "Lesa ITA"]
[Date "2013.09.20"]
[Round "1"]
[White "Sirena, Gianni"]
[Black "Benvenuti, Cristian"]
[WhiteElo "2013"]
[BlackElo "1637"]
[Result "1-0"]
[PlyCount "41"]
[EventDate "2013.09.20"]

1. e4 e5 2. f4 Bc5 3. Nf3 d6 4. Bc4 Nf6 5. Nc3 Nc6 6. d3 Bd7 7. Na4 Bb4+ 8. c3
Ba5 9. O-O exf4 10. b4 Bb6+ 11. Nxb6 axb6 12. Bxf4 O-O 13. Bg5 h6 14. Bh4 Bg4
15. Qc1 Nb8 16. Nd4 Nbd7 17. h3 Bh5 18. Nf5 Bg6 19. Nxh6+ gxh6 20. Qxh6 Qe7 21.
Qxg6+ 1-0

[Event "II Weekend"]
[Site "Lesa ITA"]
[Date "2013.09.21"]
[Round "2"]
[White "Bianchi, Simone"]
[Black "Borin, Fabio"]
[WhiteElo "1831"]
[BlackElo "2103"]
[Result "1/2-1/2"]
[PlyCount "31"]
[EventDate "2013.09.20"]

1. e4 d5 2. exd5 Qxd5 3. c4 Qa5 4. Nc3 Nc6 5. d4 Bf5 6. g4 Bg6 7. Bd2 Nxd4 8.
Nd5 Nc2+ 9. Qxc2 Qxd5 10. Qa4+ Qd7 11. Qxd7+ Kxd7 12. O-O-O e5 13. Nf3 f6 14.
g5 Ne7 15. Ba5+ Ke8 16. Bxc7 1/2-1/2

[Event "II Weekend"]
[Site "Lesa ITA"]
[Date "2013.09.21"]
[Round "2"]
[White "Boschetti, Claudio"]
[Black "Floris, Federico"]
[WhiteElo "2152"]
[BlackElo "1854"]
[Result "1-0"]
[PlyCount "79"]
[EventDate "2013.09.20"]

1. e4 e5 2. Bc4 Nf6 3. d3 Nc6 4. Nf3 Bc5 5. c3 a6 6. Bb3 d6 7. h3 Ne7 8. O-O
Ng6 9. d4 exd4 10. cxd4 Ba7 11. Nc3 O-O 12. Re1 Re8 13. Be3 h6 14. Qc2 Be6 15.
d5 Bd7 16. Rad1 Re7 17. Bxa7 Rxa7 18. Nd4 Qe8 19. f3 Ra8 20. g4 Nh7 21. Qf2 h5
22. Nf5 Bxf5 23. gxf5 Ngf8 24. Kh2 g6 25. Rg1 f6 26. fxg6 Nxg6 27. Rxg6+ Qxg6
28. Rg1 Qxg1+ 29. Qxg1+ Rg7 30. Qe3 Kh8 31. h4 Rag8 32. Qf2 Nf8 33. Bc4 Ng6 34.
Bf1 Ne5 35. Ne2 Rg4 36. Kh3 R4g7 37. Nf4 b6 38. Nxh5 Rg1 39. Kh2 R1g6 40. Be2
1-0

[Event "II Weekend"]
[Site "Lesa ITA"]
[Date "2013.09.21"]
[Round "2"]
[White "Cacciola, Alfredo"]
[Black "Buzio, Alberto"]
[WhiteElo "2109"]
[BlackElo "1851"]
[Result "1/2-1/2"]
[PlyCount "86"]
[EventDate "2013.09.20"]

1. e4 c5 2. Nf3 a6 3. c3 d5 4. exd5 Qxd5 5. d4 Bg4 6. Be2 e6 7. O-O Nf6 8. Be3
Nbd7 9. h3 Bh5 10. c4 Qc6 11. Nc3 cxd4 12. Nxd4 Bxe2 13. Qxe2 Qc7 14. Rac1 Qe5
15. f4 Qh5 16. Qf3 Qxf3 17. Nxf3 Bc5 18. Kf2 O-O 19. Rfd1 Bxe3+ 20. Kxe3 Rfd8
21. Rd4 Kf8 22. Rcd1 Ke7 23. Ng5 h6 24. Nge4 Nxe4 25. Nxe4 b6 26. Nd6 Nf6 27.
b4 Nd5+ 28. cxd5 Rxd6 29. dxe6 Rxe6+ 30. Kf3 Rc8 31. Rd7+ Kf6 32. f5 Rc3+ 33.
Kf4 Rc4+ 34. R1d4 Rxd4+ 35. Rxd4 Rc6 36. g4 b5 37. h4 Ke7 38. g5 hxg5+ 39. hxg5
Rc2 40. Ke5 f6+ 41. gxf6+ gxf6+ 42. Kd5 Rxa2 43. Re4+ Kf7 1/2-1/2

[Event "II Weekend"]
[Site "Lesa ITA"]
[Date "2013.09.21"]
[Round "2"]
[White "Gardi, Giuseppe"]
[Black "Angelini, Marco"]
[WhiteElo "1999"]
[BlackElo "2267"]
[Result "0-1"]
[PlyCount "48"]
[EventDate "2013.09.20"]

1. d4 Nf6 2. c4 g6 3. Nc3 d5 4. Nf3 Bg7 5. Bg5 Ne4 6. Bf4 Nxc3 7. bxc3 c5 8. e3
O-O 9. cxd5 Qxd5 10. Be2 Nc6 11. O-O cxd4 12. cxd4 Bf5 13. Qa4 Qd7 14. Rfd1
Nxd4 15. Qxd7 Nxe2+ 16. Kf1 Bxd7 17. Kxe2 Bb5+ 18. Ke1 Bc3+ 19. Rd2 Bxd2+ 20.
Nxd2 Rac8 21. Nb3 Bc6 22. Nd4 Rfd8 23. f3 f6 24. Ne6 Rd7 0-1

[Event "II Weekend"]
[Site "Lesa ITA"]
[Date "2013.09.21"]
[Round "2"]
[White "Gemelli, Giovanni"]
[Black "Cantoro, Daniele"]
[WhiteElo "1854"]
[BlackElo "2124"]
[Result "1/2-1/2"]
[PlyCount "165"]
[EventDate "2013.09.20"]

1. e4 c5 2. Nf3 Nc6 3. d4 cxd4 4. Nxd4 g6 5. Nc3 Bg7 6. Be3 Nf6 7. Bc4 O-O 8.
O-O Nxe4 9. Nxe4 d5 10. Nxc6 bxc6 11. Bd3 dxe4 12. Bxe4 Qc7 13. c3 f5 14. Bc2
f4 15. Bd4 e5 16. Bc5 Rd8 17. Qe2 Be6 18. f3 Qa5 19. Bb4 Qb6+ 20. Kh1 a5 21.
Ba3 Qe3 22. Qxe3 fxe3 23. Rfe1 Bh6 24. Bc5 Rd2 25. Be4 e2 26. f4 Bxf4 27. Bf3
Rxb2 28. Bxe2 Bd2 29. Red1 Bxc3 30. Bf3 Rd2 31. Rxd2 Bxd2 32. Bd6 Bc3 33. Rc1
Rd8 34. Bc7 Rd3 35. Bxc6 Bb2 36. Re1 Bxa2 37. Bxa5 Bc3 38. Bxc3 Rxc3 39. Bf3
Kf7 40. Kg1 Ke6 41. Kf2 Rc2+ 42. Kg3 Bd5 43. h4 Rc3 44. Kf2 Bxf3 45. gxf3 Kf5
46. Kg3 h6 47. Re2 Rc1 48. Kg2 Rd1 49. Kg3 Rd4 50. Re3 Rd2 51. Ra3 Re2 52. Ra5
h5 53. Rb5 Rd2 54. Rb8 Rd6 55. Rb5 Kf6 56. Rb8 e4 57. Rf8+ Ke5 58. fxe4 Kxe4
59. Ra8 Rd5 60. Ra3 Rd4 61. Rb3 Kf5 62. Rb5+ Kf6 63. Rg5 Rd3+ 64. Kg2 Re3 65.
Kh2 Rf3 66. Kg2 Rf5 67. Rg3 Rf4 68. Kh3 Re4 69. Rg5 Re6 70. Kg2 Ke7 71. Kf3
Rf6+ 72. Kg2 Kf7 73. Kh3 Rf3+ 74. Rg3 Rxg3+ 75. Kxg3 Kf6 76. Kf4 Ke6 77. Ke4
Kf7 78. Kf4 Kg7 79. Kg5 Kh7 80. Kf4 Kg7 81. Kg5 Kf7 82. Kf4 Kf6 83. Ke4 1/2-1/2

[Event "II Weekend"]
[Site "Lesa ITA"]
[Date "2013.09.21"]
[Round "2"]
[White "Gori, Andrea"]
[Black "Mantovan, Giuseppe"]
[WhiteElo "2076"]
[BlackElo "1829"]
[Result "1/2-1/2"]
[PlyCount "131"]
[EventDate "2013.09.20"]

1. e4 e6 2. d4 d5 3. e5 c5 4. c3 Nc6 5. Nf3 Qb6 6. Be2 Nh6 7. b3 cxd4 8. Bxh6
gxh6 9. cxd4 Bb4+ 10. Kf1 Bd7 11. g3 Rc8 12. Kg2 O-O 13. Qd3 Be7 14. a3 f6 15.
Rf1 Be8 16. Nbd2 Bg6 17. Qe3 fxe5 18. Qxh6 Nxd4 19. Nxe5 Nf5 20. Qh3 Qd8 21.
Nxg6 hxg6 22. Qg4 Qe8 23. Nf3 Bf6 24. Rac1 Qf7 25. Bd3 Kg7 26. Bxf5 exf5 27.
Qf4 Qe7 28. Rfe1 Qxa3 29. h4 Rxc1 30. Rxc1 Rf7 31. Rc8 Qe7 32. Qb8 Rf8 33. Rxf8
Qxf8 34. Qxb7+ Qf7 35. Qa6 d4 36. b4 Qd7 37. Qd3 Qd5 38. b5 Kf7 39. Qa3 Qd7 40.
Qa2+ Kg7 41. Ng5 Bxg5 42. hxg5 d3 43. Qa1+ Kh7 44. Qh1+ Kg7 45. Qb1 Qd5+ 46. f3
Kf7 47. Qa1 d2 48. Qxa7+ Ke6 49. Qe3+ Kf7 50. Qa7+ Ke8 51. Qb8+ Kd7 52. Qa7+
Ke6 53. Qe3+ Kf7 54. Qa7+ Kg8 55. Qb8+ Kg7 56. Qc7+ Kf8 57. Qc8+ Ke7 58. Qc7+
Qd7 59. Qe5+ Kf7 60. Qf6+ Ke8 61. Qxg6+ Kd8 62. Qb6+ Kc8 63. Qa6+ Kd8 64. Qb6+
Kc8 65. Qa6+ Kd8 66. Qb6+ 1/2-1/2

[Event "II Weekend"]
[Site "Lesa ITA"]
[Date "2013.09.21"]
[Round "2"]
[White "Montilli, Vincenzo"]
[Black "Castiglioni, Fabrizio"]
[WhiteElo "2023"]
[BlackElo "1800"]
[Result "1-0"]
[PlyCount "47"]
[EventDate "2013.09.20"]

1. d4 Nf6 2. c4 g6 3. Nc3 Bg7 4. e4 d6 5. Nf3 O-O 6. h3 c5 7. d5 Nbd7 8. Bd3
Ne8 9. O-O Ne5 10. Nxe5 Bxe5 11. f4 Bd4+ 12. Kh2 f5 13. Ne2 fxe4 14. Bxe4 Bg7
15. Ng3 Nf6 16. Bd3 Nd7 17. Ne4 h6 18. Ng3 Qe8 19. Qc2 Kh7 20. h4 Nf6 21. h5
Ng4+ 22. Kh1 Bf5 23. Nxf5 gxf5 24. Bxf5+ 1-0

[Event "II Weekend"]
[Site "Lesa ITA"]
[Date "2013.09.21"]
[Round "2"]
[White "Nai, Giovanni"]
[Black "Bargeri, Ludovico"]
[WhiteElo "1827"]
[BlackElo "2066"]
[Result "0-1"]
[PlyCount "105"]
[EventDate "2013.09.20"]

1. e4 e6 2. d4 d5 3. Nc3 Bb4 4. Nge2 Nf6 5. e5 Nfd7 6. a3 Be7 7. Ng3 O-O 8. Be3
c5 9. Bd3 cxd4 10. Bxd4 Nc6 11. Nce2 Ndxe5 12. Bc3 Nxd3+ 13. Qxd3 Bf6 14. f4
Bxc3+ 15. Nxc3 Qf6 16. Nge2 Qg6 17. Qd2 Bd7 18. h4 h5 19. O-O-O Rac8 20. Rh3
Ne7 21. Rg3 Qh6 22. Nd4 Rc4 23. Nce2 Rd8 24. c3 b5 25. Kb1 a5 26. b3 Rc7 27.
Kb2 f6 28. Re3 Kf7 29. Re1 Ng6 30. g3 Re8 31. Qd3 Rc5 32. Ng1 Nf8 33. Ngf3 Qh7
34. Qe2 Qg6 35. Qf2 Rcc8 36. Qe2 Rb8 37. Nh2 Kg8 38. g4 hxg4 39. Nxg4 e5 40. f5
Bxf5 41. Nxf5 Qxf5 42. Rg1 Kh7 43. Rf3 Qe6 44. Ne3 d4 45. Rfg3 dxc3+ 46. Kc2
Qf7 47. Nf5 Ne6 48. Nd6 Nd4+ 49. Kd3 Nxe2 50. Rxg7+ Qxg7 51. Rxg7+ Kxg7 52.
Nxe8+ Rxe8 53. Kxe2 0-1